000 00927nam a2200229 a 4500
001 55215
003 BD-RjUL
005 20211209080231.0
008 161115s1968 BG ||||| |||| 00| 0 BEN d
020 _c: TK 3.50
035 _a(BD-RjUL)55337
040 _aBD-RjUL
_bben
_cBD-RjUL
041 _aben
082 _223
_a891.4409
_bISM 1968
100 _aইসলাম, মুস্তফা নূরউল
_9126949
245 1 0 _aমুসলিম বাংলা সাহিত্য পাঠ পরিক্রমা /
_cমুস্তফা নূরউল ইসলাম
260 _aঢাকা :
_bমিত্রসংঘ,
_c১৯৬৮
300 _a[১০],১৩৮ পৃ. ;
_c২১ সেমি.
650 _aবাংলা সাহিত্য
_xইতিহাস ও সমালোচনা
_9164506
650 _aBengali Literature
_xHistory & Criticism
_9164507
942 _2ddc
_cBK
999 _c55215
_d55215